[Event "HUN-ch rapid"]
[Site "Ajka"]
[Date "2020.07.17"]
[Round "4"]
[White "Czebe, Attila"]
[Black "Meszaros, Tamas"]
[Result "1/2-1/2"]
[WhiteElo "2367"]
[BlackElo "2378"]
[PlyCount "97"]
[EventDate "2020.07.17"]
[EventType "swiss (rapid)"]
[EventRounds "13"]
[EventCountry "HUN"]
[SourceTitle "CBM 197 Extra"]
[Source "ChessBase"]
[SourceDate "2020.09.30"]
[SourceVersion "1"]
[SourceVersionDate "2020.09.30"]
[SourceQuality "1"]

1. Nf3 d5 2. g3 g6 3. c4 dxc4 4. Na3 Bg7 5. Nxc4 Nc6 6. Bg2 e5 7. 0-0 Nge7 8. d3 0-0 9. Rb1 Be6 10. Ng5 Bd5 11. e4 Bxc4 12. dxc4 Qxd1 13. Rxd1 Rfd8 14. Be3 Nb4 15. Nf3 Nec6 16. a3 Nc2 17. Rd5 N6d4 18. Nxd4 Nxe3 19. fxe3 exd4 20. exd4 Bxd4+ 21. Kf1 c6 22. Rxd8+ Rxd8 23. Rd1 Rd6 24. Ke2 c5 25. b4 Ra6 26. bxc5 Bxc5 27. Rd3 Rxa3 28. Rxa3 Bxa3 29. e5 b6 30. Kd3 Kf8 31. Bc6 Bb2 32. Ke4 Ke7 33. g4 f6 34. exf6+ Bxf6 35. Kd5 Bh4 36. Ke5 Bf2 37. Bd5 Bg1 38. h4 Bh2+ 39. Ke4 Kd6 40. Bg8 h6 41. Bf7 Bg3 42. Bxg6 Bxh4 43. Kd3 Kc5 44. Kc3 a5 45. Be8 Bf6+ 46. Kb3 Kd4 47. Bd7 Be7 48. Be8 Ke5 49. Bd7 1/2-1/2

[Event "Zalakaros Barczay Memorial"]
[Site "Zalakaros"]
[Date "2019.05.26"]
[Round "4"]
[White "Doric, Nenad"]
[Black "Meszaros, Tamas"]
[Result "1/2-1/2"]
[WhiteElo "2262"]
[BlackElo "2385"]
[PlyCount "45"]
[EventDate "2019.05.23"]
[EventType "swiss"]
[EventRounds "9"]
[EventCountry "HUN"]
[SourceTitle "CBM 190 Extra"]
[Source "ChessBase"]
[SourceDate "2019.07.15"]
[SourceVersion "1"]
[SourceVersionDate "2019.07.15"]
[SourceQuality "1"]

1. d4 Nf6 2. c4 e6 3. Nc3 Bb4 4. e3 c5 5. Nge2 cxd4 6. exd4 0-0 7. a3 Be7 8. Nf4 d6 9. Be2 e5 10. dxe5 dxe5 11. Nfd5 Nxd5 12. cxd5 Na6 13. Be3 Bf5 14. 0-0 Nc7 15. Qb3 b6 16. f3 Bg5 17. Bf2 Qd6 18. Ne4 Bxe4 19. fxe4 Qg6 20. Qc3 Ne8 21. Qxe5 Nd6 22. Bf3 Rae8 23. Qg3 1/2-1/2

[Event "HUN-chT 1819"]
[Site "Hungary"]
[Date "2019.04.28"]
[Round "9.1"]
[White "Sedlak, Nikola"]
[Black "Meszaros, Tamas"]
[Result "1-0"]
[WhiteElo "2595"]
[BlackElo "2391"]
[PlyCount "89"]
[EventDate "2018.11.17"]
[EventType "team-tourn"]
[EventRounds "9"]
[EventCountry "HUN"]
[SourceTitle "CBM 190 Extra"]
[Source "ChessBase"]
[SourceDate "2019.07.15"]
[SourceVersion "1"]
[SourceVersionDate "2019.07.15"]
[SourceQuality "1"]
[WhiteTeam "Paks"]
[BlackTeam "Csuti Hydro"]
[WhiteTeamCountry "HUN"]
[BlackTeamCountry "HUN"]

1. d4 Nf6 2. Nf3 e6 3. Bf4 c5 4. e3 cxd4 5. exd4 b6 6. Nbd2 Bb7 7. h3 Be7 8. Bd3 0-0 9. c3 d6 10. 0-0 Nbd7 11. Re1 Re8 12. Nc4 Qc7 13. a4 a6 14. Bh2 Bf8 15. Bf1 Rad8 16. Ne3 g6 17. Nd2 Bg7 18. a5 b5 19. c4 bxc4 20. Ndxc4 e5 21. dxe5 Nxe5 22. Nb6 Qc5 23. Qc1 Nc6 24. Qxc5 dxc5 25. Nec4 Ne4 26. Bc7 Bd4 27. Re2 Nb4 28. Bxd8 Rxd8 29. Ra3 f5 30. g3 Bf6 31. Bg2 Rd1+ 32. Kh2 Bd4 33. Nd2 Rxd2 34. Rxd2 Nxd2 35. Bxb7 Bxb2 36. Ra4 Kg7 37. Nd5 Nxd5 38. Bxd5 Kf6 39. Bb7 c4 40. Bxa6 c3 41. Bd3 Nf3+ 42. Kh1 Ne1 43. Bb1 c2 44. Bxc2 Nxc2 45. a6 1-0

[Event "HUN-chT 1819"]
[Site "Hungary"]
[Date "2018.11.18"]
[Round "2.2"]
[White "Korpa, Bence"]
[Black "Meszaros, Tamas"]
[Result "1-0"]
[WhiteElo "2505"]
[BlackElo "2391"]
[PlyCount "56"]
[EventDate "2018.11.17"]
[EventType "team-tourn"]
[EventRounds "9"]
[EventCountry "HUN"]
[SourceTitle "CBM 187 Extra"]
[Source "ChessBase"]
[SourceDate "2018.11.04"]
[SourceVersion "1"]
[SourceVersionDate "2018.11.04"]
[SourceQuality "1"]
[WhiteTeam "DVTK"]
[BlackTeam "Csuti Hydro"]
[WhiteTeamCountry "HUN"]
[BlackTeamCountry "HUN"]

1. Nf3 Nf6 2. g3 d5 3. Bg2 e6 4. d3 c5 5. 0-0 Nc6 6. Nbd2 Be7 7. e4 Qc7 8. Re1 0-0 9. e5 Nd7 10. Qe2 b5 11. Nf1 Nd4 12. Nxd4 cxd4 13. Bf4 a5 14. h4 Ra6 15. Nh2 Rc6 16. Rac1 Ba6 17. Bxd5 Rc5 18. Be4 Rc8 19. Ng4 Rxc2 20. Rxc2 Qxc2 21. Qf3 h5 22. Nh6+ gxh6 23. Bxh6 Nxe5 24. Bh7+ Kxh7 25. Rxe5 Kg8 26. Rxh5 f5 27. Bf4 Qc6 28. Qe2 Bf6 1-0

[Event "Zalakaros op 37th"]
[Site "Zalakaros"]
[Date "2018.05.30"]
[Round "6"]
[White "Peczely, Sebastian Zsombor"]
[Black "Meszaros, Tamas"]
[Result "1/2-1/2"]
[WhiteElo "2244"]
[BlackElo "2407"]
[PlyCount "83"]
[EventDate "2018.05.25"]
[EventType "swiss"]
[EventRounds "9"]
[EventCountry "HUN"]
[SourceTitle "CBM 184 Extra"]
[Source "ChessBase"]
[SourceDate "2018.06.28"]
[SourceVersion "1"]
[SourceVersionDate "2018.06.28"]
[SourceQuality "1"]

1. e4 c5 2. Nf3 e6 3. d4 cxd4 4. Nxd4 Nf6 5. Nc3 d6 6. Be3 a6 7. f3 b5 8. Qd2 Nbd7 9. g4 Nb6 10. a3 Bb7 11. 0-0-0 Rc8 12. Rg1 Nfd7 13. g5 Ne5 14. f4 Nec4 15. Bxc4 Nxc4 16. Qd3 Qa5 17. e5 d5 18. Nb3 Qc7 19. Bd4 g6 20. h4 Qc6 21. h5 a5 22. hxg6 hxg6 23. Rh1 Rg8 24. Rh2 a4 25. Nd2 b4 26. axb4 a3 27. bxa3 Nxa3 28. b5 Qc7 29. Rdh1 Nc4 30. Nb3 Qe7 31. Nb1 Qb4 32. Bc3 Qa4 33. Rh8 Rxh8 34. Rxh8 Qxb5 35. f5 gxf5 36. g6 fxg6 37. Nd4 Qc5 38. Qg3 Kd7 39. Rh7+ Be7 40. Qxg6 Rc6 41. Nxc6 Bxc6 42. Qg7 1/2-1/2

[Event "Zalakaros op 36th"]
[Site "Zalakaros"]
[Date "2017.05.24"]
[Round "7"]
[White "Aczel, Gergely"]
[Black "Meszaros, Tamas"]
[Result "1-0"]
[WhiteElo "2546"]
[BlackElo "2401"]
[PlyCount "79"]
[EventDate "2017.05.18"]
[EventType "swiss"]
[EventRounds "9"]
[EventCountry "HUN"]
[SourceTitle "CBM 178 Extra"]
[Source "ChessBase"]
[SourceDate "2017.06.22"]
[SourceVersion "1"]
[SourceVersionDate "2017.06.22"]
[SourceQuality "1"]

1. d4 Nf6 2. c4 e6 3. Nc3 Bb4 4. e3 c5 5. Nge2 cxd4 6. exd4 0-0 7. a3 Be7 8. Nf4 d6 9. Be2 e5 10. Nfd5 Nxd5 11. Nxd5 Nc6 12. dxe5 dxe5 13. Be3 Bg5 14. 0-0 Bxe3 15. fxe3 Be6 16. Qb3 b6 17. Rad1 Qg5 18. Qd3 Rad8 19. b4 Rd7 20. Qb3 Rfd8 21. Bf3 f5 22. Qa4 Ne7 23. e4 Bxd5 24. exd5 e4 25. Be2 Qe3+ 26. Rf2 f4 27. Bg4 Rd6 28. Qxa7 Ng6 29. Qc7 Ne5 30. Be6+ Kh8 31. c5 bxc5 32. bxc5 Nd3 33. Rxd3 exd3 34. cxd6 Rf8 35. Bg4 f3 36. Bxf3 d2 37. Qc2 Qe1+ 38. Rf1 h6 39. d7 Rd8 40. Qe4 1-0